Psychology : (Record no. 4195)

MARC details
000 -LEADER
fixed length control field 01257cam a2200205 a 4500
020 ## - INTERNATIONAL STANDARD BOOK NUMBER
ISBN 053459400X (alk. paper)
020 ## - INTERNATIONAL STANDARD BOOK NUMBER
ISBN 0534593100 (pbk. : alk. paper)
022 ## - INTERNATIONAL STANDARD SERIAL NUMBER
ISSN 9780534593100
050 00 - CALL NUMBER
Classification number BF121
Item number .W38
100 1# - AUTHOR
Personal name Weiten, Wayne,
245 10 - TITLE
Title Psychology :
Remainder of title themes and variations : briefer version /
Statement of responsibility, etc Wayne Weiten.
250 ## - EDITION
Edition statement 5th ed.
260 ## - PUBLICATION INFORMATION
Place of publication Belmont, CA :
Name of publisher Wadsworth/Thomson Learning,
Year of publication c2002.
300 ## - DESCRIPTION
Number of Pages xliv, 523, [98] p. :
Other physical details ill. (some col.) ;
Dimensions 28 cm.
500 ## - NOTES
General note Includes bibliographical references and index
505 ## - FORMATTED CONTENTS NOTE
Table of Content ch. 1. The evolution of psychology --<br/>ch. 2. The research enterprise in psychology --<br/>ch. 3. The biological bases of behavior --<br/>ch. 4. Sensation and perception --<br/>ch. 5. Variations in consciousness --<br/>ch. 6. Learning --<br/>ch. 7. Human memory --<br/>ch. 8. Language and thought --<br/>ch. 9. Intelligence and psychological testing --<br/>ch. 10. Motivation and emotion --<br/>ch. 11. Human development across the life span --<br/>ch. 12. Personality : theory, research, and assessment --<br/>ch. 13. Stress, coping, and health --<br/>ch. 14. Psychological disorders --<br/>ch. 15. Treatment of psychological disorders --<br/>ch. 16. Social behavior.
650 #0 - SUBJECTS
Topical Term Psychology.
700 1# - OTHER AUTHORS
Personal name Weiten, Wayne,
942 ## - ADDED ENTRY ELEMENTS (KOHA)
Koha item type Books
Holdings
Withdrawn status Lost status Collection code Home library Current library Shelving location Date acquired Full call number Accession Number Koha item type
    Reference Methodist University Library Main Methodist University Library Main General Stacks 27/08/2008 BF121 .W38 18354 Books
Copyright © 2026  MUG Library